Normal view
MARC view
- Lewis Moor, Yasir Jawad, Sadia Jawad
Entry Personal Name
001 - CONTROL NUMBER
- control field: 66365
003 - CONTROL NUMBER IDENTIFIER
- control field: NUST
005 - DATE AND TIME OF LATEST TRANSACTION
- control field: 20210628203558.0
008 - FIXED-LENGTH DATA ELEMENTS
- fixed length control field: 210628|| aca||aabn | a|a d
040 ## - CATALOGING SOURCE
- Original cataloging agency: NUST
- Transcribing agency: NUST
100 ## - HEADING--PERSONAL NAME
- Personal name: Lewis Moor, Yasir Jawad, Sadia Jawad
670 ## - SOURCE DATA FOUND
- Source citation: Work cat.: (NUST): Lewis Moor, Yasir Jawad, Sadia Jawad, Mazahib-e-alam ka encyclopedia, 2003
